Datum a čas kvízu

34 Celkem bodů Celkový počet nahraných bodů na tomto kvízu bez doplňovacích otázek.
4. Pořadí na kvízu Konečné umístění týmu na tomto kvízu.

Zaznamenané odpovědi

# Otázka Odpověď Body Výsledky
1. Ke kácení stromů ve většině př... trhavinu 1
2. Nevšední hříšník uvízl v pondě... C) holub 0
3. Rozhořčení občané jednoho měst... v Táboře 1
4. Andrej Babiš se na sociálních... Věra Jourová 0
5. Tým Boston Celtics se minulý t... C 1
6. V pěti otázkách tohoto tématu... na 2. stupni 1
7. Jaká je denní dávka kuchyňské... B 1
8. Po kterém vzácném minerálu se... po diamantu 0
9. Nejen lidé, ale i zvířata potř... liz 1
10. Chcete-li si užít blahodárného... D) Bad Ischl 1